000
00289nam a2200109Ia 4500
008
201217s9999 xx 000 0 und d
100
_a
Galbraith, John Kenneth
245
2
_a
A History of Economics : The Past As The Present
260
_a
London
_b
Hmish Hamilton
300
_a
324
942
_c
BK
999
_c
7677
_d
7677